| 000 | 00668nam a2200229 4500 | ||
|---|---|---|---|
| 003 | OSt | ||
| 005 | 20260530113909.0 | ||
| 008 | 260513t2002 it ||||| |||| 00| 0 eng d | ||
| 040 |
_aICI _bspa _cICI |
||
| 041 | _aeng | ||
| 050 |
_aNC997.A1 _bD43 |
||
| 245 | 1 | 0 | _aDDN Design Diffusion News |
| 264 | 1 |
_aMilano : _bDesign Diffusion, _c2002 |
|
| 300 | _avolúmenes | ||
| 336 |
_atexto _2rdacontent |
||
| 337 |
_asin medio _2rdamedia |
||
| 338 |
_avolumen _2rdacarrier |
||
| 505 | _tV.93 Gennaio / febbraio = January / february | ||
| 650 | 4 |
_aArte comercial _vPublicaciones periodicas _933214 |
|
| 650 | 4 |
_aDiseño _vPublicaciones periódicas _933215 |
|
| 942 |
_2lcc _cBK _n1 |
||
| 999 |
_c12079 _d12079 |
||